Top 25 MLW Wiffleball Players in 2022 - Statistics

General Stats
  • This quiz has been taken 75 times
  • The average score is 19 of 25
Answer Stats
Hint Answer % Correct
10 Kyle Schultz
96%
9 Daniel Schultz
94%
3 Jordan Robles
92%
16 Tommy Coughlin
92%
5 Dallas Allen
90%
2 Jimmy Knorp
90%
1 Ryan Kracht
90%
12 Alec Warda
88%
7 Chris Cheetam
84%
13 Drew Davis
84%
4 Nick Saylor
82%
15 Jonah Heath
80%
18 Brennan Russell
76%
14 Jaxen Pearson
76%
25 Michael Schema
76%
17 Jason Chadwick
73%
8 Sawyer Behen
73%
23 Trey Flood
73%
6 Brendan Baranoski
69%
24 Brendan Jorgensen
69%
11 Sean Flynn
69%
22 Zach Whalen
67%
21 Blade Walker
59%
19 Trevor Bonham
55%
20 Landon Yurgaites
49%
No matching quizzes found
Score Distribution
Percent of People with Each Score
Percentile by Number Answered
Your Score History
You have not taken this quiz